000 01283nam a2200325 4500
003 EG-GICUC
005 20260122092437.0
008 251119s1984 ua ||||f |||| 00| 0 ara d
017 _a84/5313
040 _a EG-GICUC
_bara
_c EG-GICUC
_d EG-GICUC
_erda
041 _aara
082 0 4 _221
_a345
_bع ب . ع
092 0 4 _221
099 _aLaw1 07 345 ع ب . ع 1 ed - 1984
100 0 _aعبد الله محمد عزباوي
_eمؤلف.
245 1 0 _aعمد و مشايخ القري و دورهم في المجتمع المصري في القرن التاسع عشر /
_cدكتور عبد الله محمد العزباوي
250 _aالطبعة الاولي
264 _aالقاهرة :
_bدار الكتاب الجامعي ,
_c1984.
300 _a182 ؛صفحة
_c24 سم
336 _2rda content
_atext
337 _2rda media
_aComputer
338 _2rda carrier
_aOnline Resource
504 _a. 182 -179 ببليوجرافيا: صفحات.
546 _aالنص أغلبه باللغة العربية بعض النصوص الإنجليزية والفرنسية
650 1 _aالقانون الإداري
_2qrmak
651 1 _2qrmak
856 4 0 _uhttps://fll.law.cu.edu.eg/fulltext/bks/B07-01012.pdf
905 _a74
_eYara
942 _2ddc
_n0
_cBK
_e21
999 _c44838
_d44838